000 00442nam a2200169 i 4500
001 bg
245 0 _aFilozofia :
_bzarys dziejów /
_cKarol Matraszek [et al.] - T. 1.
260 _aWarszawa :
_bPaństwowe Wydaw. Naukowe,
_c1989.
300 _a243, [1] s. ;
_c21 cm.
020 _a8301092491
040 _cBPK
041 _apol
080 _a1(091)
920 _a83-01-09249-1
942 _cKS
008 s pl f |000 0 pol
999 _c28876
_d28876
856 _uhttp://koha.tu.koszalin.pl/cgi-bin/koha/opac-detail.pl?biblionumber=28876
_yKatalog online BPK